000 00301nam a22001337a 4500
008 170922b xxu||||| |||| 00| 0 eng d
020 _a9780262590211
041 _aeng
080 _a37
100 _a46
101 _aEDU
245 _aNATURAL LANGUAGE PROCESSING
_cIWANKA.L.M
942 _2udc
_cBK
999 _c29071
_d29071